| 000 | 00923 a2200193 4500 | ||
|---|---|---|---|
| 003 | Nust | ||
| 005 | 20221124110918.0 | ||
| 010 | _a 99054392 | ||
| 020 | _a0534951511 | ||
| 040 | _cNust | ||
| 082 | 0 | 0 | _a519.4028,CHA |
| 100 | 1 | _aChapman, Stephen J. | |
| 245 | 1 | 0 |
_aProgrammingin matlab for engineers / _cStephen J. Chapman. |
| 260 |
_aPacific Grove, CA : _bBrooks/Cole, _cc2000. |
||
| 300 |
_axvii, 444 p. : _bill. (some col.) ; _c23 cm. |
||
| 505 | _aIntroduction to MATLAB (Page-11), MATLAB Basics (Page-26), Branching Statements and Program Design (Page-71), Loops (Page-117), User-Defined Functions (Page-158), Additional Data Types and Plot Types (Page-199), Advanced Features (Page-239), Input/Output Functions (Page-278), Handle Graphics (Page-316), Graphical user Interfaces (Page-337), The MATLAB Complier (Page-388). | ||
| 650 | 0 |
_aNumerical analysis _xData processing. _972 |
|
| 942 |
_2ddc _cBK _k519.4028,CHA |
||
| 999 |
_c189476 _d189476 |
||